Statistiques concernant Culture Générale - Série 630

Cliquez ici pour prendre le quiz!

Statistiques générales

  • Ce quiz a été pris 222 fois
  • Le résultat moyen est 7 sur 10

Statistiques - réponses

QuestionRéponse% Correct
Quel organe s'emballe quand on souffre de tachycardie ?coeur
97%
Quel os de la cuisse est le plus long de tous les os du corps humain ?fémur
86%
Comme le rappelle son étymologie, l'"horripilation" signifie d'abord "érection des...poils
85%
A quel pays appartient l'île de Terre-Neuve ?Canada
84%
En informatique, la partie d'un clavier d'ordinateur qui rassemble les touches numériques et celles des opérations est le pavé...numérique
84%
Complétez les propos que tient la fourmi à la cigale, dans la fable de La Fontaine : "Vous chantiez? j'en suis fort aise: Eh bien!...dansez maintenant
81%
Dans quel film Benoît Poelvoorde incarne-t-il un sosie de Claude François ?Podium
72%
Avec la Bulgarie, quel État est entré dans l'Union européenne le 1er janvier 2007 ?Roumanie
69%
Dans la série "Daktari", quel animal est "Judy" ?singe
54%
En mai 1975, quel magazine de B.D. est créé par Gotlib ?Fluide glacial
31%

Distribution des résultats

Percentile par nombre de réponses

% des personnes avec chaque résultat

Votre développement - résultats

Vous n’avez pas pris ce quiz